Do duálneho vzdelávania sa zapojili stovky žiakov

Najžiadanejšie odbory v duálnom vzdelávaní sú tie, ktoré sa spájajú s automobilovým priemyslom a IT. Ako prebieha duálne vzdelávanie. Projekt patrí pod Štátny inštitút odborného vzdelávania. Niektoré firmy nečakali na štát a s duálnym vzdelávaním začali samy - príklad T-Systems Slovakia. Na duálnom...

Descrizione completa

Salvato in:
Dettagli Bibliografici
Autore principale: Petková, Zuzana
Natura: Capitolo di libro
Lingua:slovacco
Soggetti:
Tags: Aggiungi Tag
Nessun Tag, puoi essere il primo ad aggiungerne!!

MARC

LEADER 00000naa a2200000 4500
001 0236992
005 20221104112549.7
041 0 |a slo 
044 |a SK 
245 1 0 |a Do duálneho vzdelávania sa zapojili stovky žiakov  |c Zuzana Petková 
520 |a Najžiadanejšie odbory v duálnom vzdelávaní sú tie, ktoré sa spájajú s automobilovým priemyslom a IT. Ako prebieha duálne vzdelávanie. Projekt patrí pod Štátny inštitút odborného vzdelávania. Niektoré firmy nečakali na štát a s duálnym vzdelávaním začali samy - príklad T-Systems Slovakia. Na duálnom vzdelávaní spolupracuje aj Slovensko-nemecká obchodná komora. Najvyšší počet prvákov v systéme duálneho vzdelávania je v Žilinskom kraji. 
610 2 0 |a vzdelávanie duálne 
610 2 0 |a školy stredné odborné 
610 2 0 |a firmy 
610 2 0 |a zamestnanie 
610 2 0 |a práca 
100 1 |a Petková, Zuzana